| 000 | 00608nam a2200205 a 4500 | ||
|---|---|---|---|
| 001 | BRCA_2516 | ||
| 005 | 20190320203839.0 | ||
| 008 | 251108s1923----gw-a---###---#000-0#ger-u | ||
| 050 | 4 |
_aNK4565 _b.Z56 1923 |
|
| 100 | 1 |
_aZimmermann, Ernst _d1866-1940 _97233 |
|
| 245 | 1 | 0 |
_aChinesisches Porzellan und die ubrigen keramischen erzeugnisse Chinas _cvon Ernst Zimmermann. |
| 250 | _a2 | ||
| 260 |
_aLeipzig, Alemania _bKlinkhardt _c1923 |
||
| 300 |
_a2 v. _bil. _c31 cm. |
||
| 500 | _aA7 | ||
| 505 | 0 | _aContenido: v. 1 Text. -- v.2 Tafeln. | |
| 650 | 1 | 4 |
_aPorcelana china _91313 |
| 902 | _aGFM | ||
| 942 |
_2lcc _cB |
||
| 999 |
_c2257 _d2257 |
||